01632cam a22003854i 4500003000900000005001700009008004100026035002000067040003300087100004300120245013900163264001000302300002200312336002100334337002500355338002300380502005900403504002400462520059000486526001001076526001001086526000901096526000901105526000901114526000901123526000901132526000901141526000901150526000801159526000801167526000801175526000801183526000801191650004701199PE-LiUPU20250731165429.0160215s1995 pe grm 000 0 spa d a(Sirsi) a156139 aPE-LiUPUbspacPE-LiUPUerda1 aGuisvert Espinoza, Roxana Nellyeautor1 aDesarrollo de la actividad creativa a través del cuento de los niños del 5to. Grado de Primaria /cRoxana Nelly Guisvert Espinoza. 0c1995. a120 hojas c30 cm atext2rdacontent aunmediated2rdamedia avolume2rdacarrier aTesisb(Lic.) -- cUniversidad Peruana Unión,d1995. aIncluye referencias3 aPensando en nuestra problemática educativa como futura maestra y habiendo observado en mi practica pre-profesional alguna limitación o falta de creatividad en la mayoría de los niños, concretándose solo a la limitación de las habilidades de sus profesores y algunos de talentos naturales para crear o descubrir figuras y personajes de nuestro entorno socio-cultural. Los niños no ejercitan los dibujos porque en muchas ocasiones no saben dibujar o tienen miedo de que al ver ese dibujo sus demás compañeros se burlen de el y crea un ambiente de desaliento para ellos. aSEG44 aSEG26 aP151 aP150 aP149 aP146 aP145 aP126 aP125 aP92 aP75 aP74 aP27 aP1504aCreaciónxCuentosxEducación primaria.